MARC

LEADER 00000cam a2200000 a 4500
001 vtls010665224
003 SK-MaSNL
005 20260301175535.0
008 240314s2014 xo da f n 001 0dslo
015 |a SNBA2015/06 
020 |a 9788055806860  |q (brož.) 
035 |a 557BB643-D3DD-44DA-950E-46D28EBEAB43 
035 |a urn:nbn:sk:snk-amkrky 
035 |a urn:nbn:sk:snk-am005cdo 
040 |a SNK  |b slo  |c SNK  |e AACR2 
041 0 |a slo  |b eng 
044 |a xo  |c SK 
072 7 |a 316.4/.7  |x Sociálne interakcie  |2 konspekt 
080 |a 364-54-053.2  |2 2001 
080 |a 316.346.32-053.2  |2 2001 
080 |a 364-212  |2 2001 
080 |a 316.624  |2 2001 
080 |a (048.8)  |2 2001 
080 |a (047.31)  |2 2001 
100 1 |a Gažiková, Elena,  |d 1976-  |4 aut  |9 192124 
245 1 0 |a Rizikové správanie detí v detských domovoch  |c Elena Gažíková 
250 |a 1. vyd. 
260 |a V Nitre  |b Univerzita Konštantína Filozofa, Fakulta sociálnych vied a zdravotníctva  |c 2014 
300 |a 136 s.  |b grafy, tab.  |c 21 cm 
366 |e 150 výt. 
500 |a Biogr. údaje 
504 |a Bibliogr.: s. 127-133 ; reg. 
546 |a Res. angl. 
650 0 7 |a detské domovy  |2 SNKPH  |9 69524 
650 0 7 |a deti  |2 SNKPH  |9 773 
650 0 7 |a rizikové správanie  |2 SNKPH  |9 114927 
650 0 7 |a sociálna prevencia  |2 SNKPH  |9 1556 
650 0 7 |a sociálna deviácia  |2 SNKPH  |9 4928 
650 0 7 |a Children's homes  |2 SNKPHeng  |9 291458 
650 0 7 |a Children  |2 SNKPHeng  |9 274282 
650 0 7 |a Risk behavior  |2 SNKPHeng  |9 330172 
650 0 7 |a Social prevention  |2 SNKPHeng  |9 99189 
650 0 7 |a Deviant behavior  |2 SNKPHeng  |9 315684 
655 7 |a monografie  |2 SNKPH  |9 70139 
655 7 |a výskumné správy  |2 SNKPH  |9 70491 
655 7 |a Monographs  |2 SNKPHeng  |9 120675 
655 7 |a Research reports  |2 SNKPHeng  |9 308474 
852 |a Štátna vedecká knižnica v Banskej Bystrici 
919 |a 978-80-558-0686-0 
958 |a NB 
999 |c 843421  |d 845351 
952 |a SNK  |b SNK  |y PREZ  |7 0  |p 17A1158851  |o snkSC 164747  |i snk2015/16632  |8 0  |0 0  |1 0  |4 0  |d 2015-05-25  |f 1  |l 0  |r 2025-08-28 00:00:00  |w 2026-02-24 
952 |a SNK  |b SNK  |y VYP  |7 0  |p 17A1158852  |o snkSC 164747 D1  |i snk2015/16633  |8 0  |0 0  |1 0  |4 0  |d 2015-05-25  |l 0  |r 2026-02-24 04:18:09  |w 2026-02-24